Personnages de fiction en images #6 - Statistiques

Statistiques générales
  • Ce quiz a été pris 180 fois
  • Le résultat moyen est 22 sur 40
Statistiques - réponses
Par images Hint Réponse % Correct
Le Grinch
96%
Charlie
94%
Harry Potter Severus Rogue
92%
Calimero
85%
Titanic Jack Dawson
85%
Looney Tunes Daffy Duck
81%
Jack Skellington
81%
Retour vers le futur Marty McFly
78%
Hercule Poirot
73%
Winnie l'ourson Bourriquet
71%
Schtroumpf bricoleur
71%
Friends Rachel Green
69%
Lucky Luke Averell Dalton
68%
Corneil
66%
Phinéas Flynn
66%
Star Wars Padmé Amidala
64%
Toy Story Andy
61%
Daredevil
59%
Les Simpson Krusty le clown
59%
Les Bronzés Jean-Claude Dusse
52%
Tony Montana
49%
Fairy Tail Natsu Dragnir
48%
X-Men Mystique
46%
Cars Sally Carrera
45%
Notre-Dame de Paris Claude Frollo
44%
Bambi Fleur
44%
Divergente Quatre
43%
Les Aristochats Thomas O'Malley
43%
Stranger Things Will Byers
40%
Arcane Jinx
39%
Jessie Prescott
38%
Street Fighter Ryu
36%
Alice au pays des merveilles Chat du Cheshire
35%
The Boys Billy Butcher
28%
Red Dead Redemption II Arthur Morgan
25%
Jason Bourne
22%
Moi, moche et méchant Dr Néfario
17%
Heartstopper Charlie Spring
13%
Law & Order Elliot Stabler
10%
Robin des Bois Triste Sire
10%
Aucun quiz correspondant
Distribution des résultats
% des personnes avec chaque résultat
Percentile par nombre de réponses
Votre historique - résultats
Vous n’avez pas pris ce quiz